000 00408 a2200145 4500
999 _c2413
_d2413
020 _a978185941956
050 _aK230 MEY 2007
100 _aMeyerson,Denise
_eauthor
245 _aUnderstanding jurisprudence
_cDenise Meyerson
264 _aLondon:
_bRoutledge,
_c2007
300 _a210p.
500 _aIncluding bibliographical references and index
650 _aJurisprudence
942 _2lcc
_cBK
_h230
_iMEY
_kK